000 00695nam a2200229Ia 4500
003 OSt
005 20220923230548.0
006 a|||||r|||| 00| 0
007 ta
008 220922b |||||||| |||| 00| 0 pan d
024 _a283,232
037 _cTextual
040 _aARTS
_cARTS
_bpan
041 _2pan
_apan
082 _aO153,3:g, L7
100 _aਬੇਦੀ, ਸ ਸ ਵਣਜਾਰਾ
245 0 _aਮਧਕਾਲੀਨ ਪੰਜਾਬੀ ਕਥਾ ਰੂਪ ਤੇ ਪਰੰਪਰਾ
260 _c1977
650 _aਪੰਜਾਬੀ ਸਾਹਿਤ
942 _hO153,3:g, L7
_cTEXL
_2CC
999 _c385720
_d385720